Statistics for 2018 NCAA Tournament Teams

Click here to take the quiz!

General Stats

  • This quiz has been taken 6,367 times
  • The average score is 36 of 68

Answer Stats

RegionSeedCollege% Correct
Midwest2Duke
90%
West2North Carolina
90%
Midwest1Kansas
89%
West3Michigan
89%
South10Texas
88%
South1Virginia
87%
East6Florida
84%
South5Kentucky
84%
Midwest3Michigan State
83%
East1Villanova
83%
South4Arizona
80%
East11UCLA
75%
East9Alabama
73%
West9Florida State
73%
West5Ohio State
73%
Midwest10Oklahoma
73%
South3Tennessee
70%
West4Gonzaga
69%
Midwest11Syracuse
68%
East3Texas Tech
68%
South9Kansas State
67%
South6Miami
67%
West1Xavier
65%
East2Purdue
64%
South11Loyola Chicago
62%
West7Texas A&M
62%
Midwest16Penn
59%
Midwest11Arizona State
58%
East5West Virginia
58%
East8Virginia Tech
57%
Midwest9NC State
55%
South7Nevada
55%
Midwest4Auburn
53%
South2Cincinnati
53%
South16UMBC
53%
East7Arkansas
52%
West8Missouri
52%
Midwest5Clemson
50%
Midwest7Rhode Island
50%
South13Buffalo
49%
East10Butler
48%
East4Wichita State
48%
West6Houston
47%
South8Creighton
41%
West11San Diego State
41%
Midwest6Texas Christian
41%
Midwest12New Mexico State
40%
West10Providence
40%
Midwest8Seton Hall
40%
West12South Dakota State
39%
South12Davidson
36%
South15Georgia State
35%
East13Marshall
35%
West14Montana
35%
East11St. Bonaventure
35%
East16Radford
31%
East14Stephen F. Austin
30%
Midwest15Iona
27%
West13UNC Greensboro
26%
West16Texas Southern
25%
East12Murray State
24%
Midwest14Bucknell
23%
West15Lipscomb
23%
South14Wright State
23%
Midwest13Charleston
21%
East15Cal State Fullerton
19%
East16Long Island
19%
West16North Carolina Central
16%

Score Distribution

Percentile by Number Answered

Percent of People with Each Score

Your Score History

You have not taken this quiz